000 00449nam a2200193Ia 4500
005 20240823022320.0
008 240823s9999||||xx |||||||||||||| ||und||
020 _a81-7446-527-8
041 _aENGLISH
082 _A658.3128 P7
100 _aSubhash Jagota
245 0 _aFoundation Success
250 _a3rd
260 _c2007
_bExcel
_aNew Delhi
500 _aYES
650 _aSuccess
_bManagement Studies
942 _cBK
999 _c178869
_d178869